Statistics for Exceptionally Hard Random Quiz #2

Click here to take the quiz!

General Stats

  • This quiz has been taken 34 times
  • The average score is 9 of 30

Answer Stats

ClueAnswer% Correct
The score you get for a perfect game in 10 pin bowling300
83%
Heart attacks are most likely on what day of the week?Monday
83%
The number of strikes required to get the above12
72%
Lake Hillier is very unusual because it is NOT clear or blue like lakes should be. What colour is it?Pink
61%
Name of the Red PacMan GhostBlinky
50%
A fight between two people is normally known as what?Duel
50%
Homer Simpsons' middle nameJay
50%
The letter represented by '-.-' in Morse codeK
50%
What month has 'Bunsen Burner Day' in it?March
50%
Name of the Blue PacMan GhostInky
44%
Name of the Pink PacMan GhostPinky
44%
Name of the Orange PacMan GhostClyde
39%
Banging your head against a wall burns how many calories a minute?2.5
28%
Marios' original nameJumpman
22%
What the first M stands for in M&MsMars
22%
A baby spider is called a...Spiderling
22%
The name of the dog in Tom and JerryButch
17%
What is illegal for you to do in the Houses of Parliaments, and voted the most ridiculous law ever?Dying
17%
The original name of BowserKing Koopa
17%
A fight between three people is called what?Truel
17%
The number of pins knocked down to get a PERFECT SERIES in 10 pin bowling360
11%
The longest English word with all the letters in Alphabetical OrderAlmost
11%
Bart Simpsons' middle nameJojo
11%
What appears if you put split grape in a microwave and turn it on?Plasma
11%
The word hackers used in 1999 in Hotmail to gain access to anyones mail.Eh
6%
F.A.D is a mental disorder identified by Psychologists. What does the F stand for?Facebook
6%
Sonic the Hedgehogs' middle nameMaurice
6%
The symbol hidden in the Apple logoPhone
6%
Cherophobia is the fear of...Fun
0%
The actual name of the # symbolOctotroph
0%

Score Distribution

Percentile by Number Answered

Percent of People with Each Score

Your Score History

You have not taken this quiz